Представление документа в формате RUSMARC

ПолеНазваниеЗначение
  Тип записи a
  Библиографический уровень m
001 Контрольный номер UONB/MAIN/c611e22261b54da4a068a77fe1a589d9
005 Дата корректировки 20260416160610.5
010 Индекс ISBN __
d Цена 1 р. 25 к.
100 Данные общей обработки __
a Данные общей обработки 20260416d1907 u y0rusy0189 ca
101 Язык документа 0_
a Язык текста rus
102 Страна публикации __
a Страна публикации RU
105 Кодированные данные (монография) __
a Кодированные данные (монография) a z 001yy
200 Заглавие и сведения об ответственности 1_
a Заглавие Китайский Пантеон
e Сведения, относящиеся к заглавию с десятью таблицами
e Сведения, относящиеся к заглавию (доложено в заседании Историко-филологического отделения 15 февраля 1906 г.)
f Первые сведения об ответственности П. С. Попов
210 Выходные данные 1_
d Дата издания 1907
215 Физическое описание __
a Объем XII, 88 с.
c Иллюстрации/тип воспроизводства ил., 10 л. табл.
320 Библиография __
a Библиография Библиогр. в подстроч. примеч.
461 Уровень набора _0
1 2001
a Сборник Музея антропологии и этнографии
v Т. 6
1 2101
a Санкт-Петербург
c Наука, Санкт-Петербургское отделение
d 1900-
1 300
a Доп. тит. л. фр.
1 001UONB/MAIN/77ff1e0278f642a191f97e1f573595f3
1 203
a Текст
b визуальный
c непосредственный
1 215
d 30 см
1 71002
a Музей антропологии и этнографии им. Петра Великого (Санкт-Петербург)
4 570
606 Тематические рубрики 0_
a Основная рубрика Религия
a Основная рубрика Буддизм
y Географическая подрубрика Китай древний
610 Ключевые слова 0_
a Ключевые слова религия древнего Китая; конфуцианство; даосизм в Китае; буддизм в Китае; поклонение предкам; культ шаманства; пантеон китайский; загробная жизнь; религиозный культ; сверхестественные силы
686 Индексы других классификаций __
a Классификационный индекс 86.35(5Кит)-4
2 Код системы rubbk
700 Автор _1
a Фамилия Попов
b Имя (инициалы) П. С.
801 Источник записи _0
a Страна RU
b Организация Ульяновская ОНБ
c Дата составления 20260416
g Правила каталогизации RCR
801 Источник записи _1
a Страна RU
b Организация Ульяновская ОНБ
c Дата составления 20260416
g Правила каталогизации RCR
901 Тип документа __
t Тип документа n
w Контрольный № источника UONB/MAIN/77ff1e0278f642a191f97e1f573595f3
909 Создатель записи __
a Создатель записи Моргунова
b Дата создания записи 20260416